000 00273nam a22001217a 4500
008 171030b xxu||||| |||| 00| 0 eng d
041 _aeng
080 _a338.5
100 _a57
101 _aQMI
245 _aTHE APPLIED THEORY OF PRICE
_cDONALD.N.M
942 _2udc
_cBK
999 _c36459
_d36459